Online
Catalog

Profundidad sidérea / (Record no. 4655)

MARC details
000 -CABECERA
campo de control de longitud fija 00744cam a2200229 a 4500
001 - NÚMERO DE CONTROL
campo de control 000004849
005 - FECHA Y HORA DE LA ÚLTIMA TRANSACCIÓN
campo de control 20200929151522.0
008 - DATOS DE LONGITUD FIJA--INFORMACIÓN GENERAL
campo de control de longitud fija 020927s2001 gt 001 p spa
020 ## - NÚMERO INTERNACIONAL ESTÁNDAR DEL LIBRO
Número Internacional Estándar del Libro 9992200774
040 ## - FUENTE DE LA CATALOGACIÓN
Centro catalogador/agencia de origen DO-SdBNP
Centro/agencia transcriptor DLC
082 ## - NÚMERO DE LA CLASIFICACIÓN DECIMAL DEWEY
Número de clasificación 861.5
Número de documento/Ítem C172p
100 1# - ENTRADA PRINCIPAL--NOMBRE DE PERSONA
Nombre de persona Camacho Fahsen, Cristina
9 (RLIN) 14067
245 10 - MENCIÓN DE TÍTULO
Título Profundidad sidérea /
Mención de responsabilidad, etc. Cristian Camacho Fahsen.
260 ## - PUBLICACIÓN, DISTRIBUCIÓN, ETC.
Lugar de publicación, distribución, etc. Guatemala :
Nombre del editor, distribuidor, etc. Cultura,
Fecha de publicación, distribución, etc. 2001.
300 ## - DESCRIPCIÓN FÍSICA
Extensión 75 p. ;
Dimensiones 21 cm.
490 1# - MENCIÓN DE SERIE
Mención de serie Poesía Guatemalteca ;
Designación de volumen o secuencia no. 26
490 1# - MENCIÓN DE SERIE
Mención de serie Serie Rafael Landívar ;
Designación de volumen o secuencia no. 26
650 #4 - PUNTO DE ACCESO ADICIONAL DE MATERIA--TÉRMINO DE MATERIA
Término de materia o nombre geográfico como elemento de entrada Poesía guatemalteca
9 (RLIN) 14068
650 #4 - PUNTO DE ACCESO ADICIONAL DE MATERIA--TÉRMINO DE MATERIA
Término de materia o nombre geográfico como elemento de entrada Literatura guatemalteca
9 (RLIN) 5393
830 #0 - PUNTO DE ACCESO ADICIONAL DE SERIE-TÍTULO UNIFORME
Título uniforme Poesía Guatemalteca ;
Nombre de parte o sección de la obra Serie Rafael Landívar :
Designación de volumen o secuencia no. 26
9 (RLIN) 14069
910 ## - DATOS DE OPCIÓN DEL USUARIO (OCLC)
Datos de opción del usuario Catalogación por copia / LC
Holdings
Estado de retiro Estado de pérdida Restricciones de uso No para préstamo Código de colección Localización permanente Ubicación/localización actual Ubicación en estantería Fecha de adquisición Número de inventario Total de préstamos Signatura topográfica completa Código de barras Fecha visto por última vez Precio válido a partir de Tipo de ítem Koha
    Préstamo interno   Monografías: Libros y Folletos General General En catalogación 27.07.2009 LF1   861.5 C172p 4849-10 25.06.2020 25.06.2020 Préstamo interno

Powered by Koha